000 00505nam a2200217Ia 4500
003 OSt
005 20220912144002.0
006 a|||||r|||| 00| 0
007 ta
008 220909b |||||||| |||| 00| 0 eng d
024 _a199607
037 _cTextual
040 _beng
041 _aeng
082 _aB7;2910d525, k2
100 _ablagovesh
245 0 _atheory of ship motions
300 _ap.
_ccm
942 _hB7;2910d525, k2
_cTEXL
_2CC
999 _c104
_d104